LEADER 00695nam0-22002411i-450- 001 990001182490403321 035 $a000118249 035 $aFED01000118249 035 $a(Aleph)000118249FED01 035 $a000118249 100 $a20000920d1966----km-y0itay50------ba 101 0 $aeng 200 1 $aIntroduction to matrix methods of structural analysis$fby MARTIN H.C. 210 $aNew York$cMcGraw-Hill$d1966 700 1$aMartin,$bHarold C.$030815 801 0$aIT$bUNINA$gRICA$2UNIMARC 901 $aBK 912 $a990001182490403321 952 $a10-H-22$b6546$fMA1 959 $aMA1 996 $aIntroduction to Matrix Methods of Structural Analysis$9318595 997 $aUNINA DB $aING01 LEADER 01245nam--2200397---450- 001 990003562520203316 005 20110913163003.0 035 $a000356252 035 $aUSA01000356252 035 $a(ALEPH)000356252USA01 035 $a000356252 100 $a20110909d1930----km-y0itay50------ba 101 1 $aita$ceng 102 $aIT 105 $ay|||||||001yy 200 1 $aCasa desolata$dBleak house$fdi Carlo Dickens$gtraduzione dall'inglese di Silvio Spaventa Filippi 210 $aMilano$cSonzogno$d1930 215 $a3 volumi (314; 312; 377 p.)$d20 cm 300 $aTesto solo in italiano 510 1 $aBleak house 676 $a823.8 700 1$aDICKENS,$bCharles$f<1812-1870>$0154882 702 1$aSPAVENTA FILIPPI,$bSilvio 801 0$aIT$bsalbc$gISBD 912 $a990003562520203316 951 $aXV.2.A. 338 1$b803 F.C.$cXV.2.A. 951 $aXV.2.A. 338 2$b802 F.C.$cXV.2.A. 951 $aXV.2.A. 338 3$b801 F.C.$cXV.2.A. 959 $aBK 969 $aCUOMO 979 $aCACCAVO$b90$c20110909$lUSA01$h1031 979 $aCACCAVO$b90$c20110909$lUSA01$h1204 979 $aANNAMARIA$b90$c20110913$lUSA01$h1058 979 $aANNAMARIA$b90$c20110913$lUSA01$h1630 996 $aCasa desolata$993230 997 $aUNISA LEADER 00805nam0-22002891i-450 001 990004473070403321 005 20220707102151.0 035 $a000447307 035 $aFED01000447307 035 $a(Aleph)000447307FED01 035 $a000447307 100 $a19990530d1865----km-y0itay50------ba 101 0 $aita 105 $ay-------001yy 200 1 $aPensieri$eMiscellanee$fVincenzo Gioberti 210 $aNapoli$cPresso i Fratelli Morano$d1865 215 $a2 v.$d20 cm 225 1 $aOpere di Vincenzo Gioberti$v29 700 1$aGioberti,$bVincenzo$f<1801-1852>$068480 801 0$aIT$bUNINA$gRICA$2UNIMARC 901 $aBK 912 $a990004473070403321 952 $a5/V 10$bs.i.$fFLFBC 952 $a5/V 11$bs.i.$fFLFBC 959 $aFLFBC 996 $aPensieri$9546134 997 $aUNINA